<?xml version="1.0" encoding="UTF-8"?>
<collection xmlns="http://www.loc.gov/MARC21/slim">
<record>
  <controlfield tag="001">90264</controlfield>
  <controlfield tag="005">20220912152509.0</controlfield>
  <datafield tag="037" ind1=" " ind2=" ">
    <subfield code="a">TAZ-TFG-2017-4169</subfield>
  </datafield>
  <datafield tag="041" ind1=" " ind2=" ">
    <subfield code="a">spa</subfield>
  </datafield>
  <datafield tag="100" ind1="1" ind2=" ">
    <subfield code="a">Mendinueta Bernardos, Iker</subfield>
  </datafield>
  <datafield tag="242" ind1="0" ind2="0">
    <subfield code="a">Identification Friend or Foe (IFF) systems for the Spanish tank</subfield>
  </datafield>
  <datafield tag="245" ind1="0" ind2="0">
    <subfield code="a">Sistemas de identificación amigo enemigo (IFF) en el carro de combate español</subfield>
  </datafield>
  <datafield tag="260" ind1=" " ind2=" ">
    <subfield code="a">Zaragoza</subfield>
    <subfield code="b">Universidad de Zaragoza</subfield>
    <subfield code="c">2017</subfield>
  </datafield>
  <datafield tag="506" ind1=" " ind2=" ">
    <subfield code="a">by-nc-sa</subfield>
    <subfield code="b">Creative Commons</subfield>
    <subfield code="c">3.0</subfield>
    <subfield code="u">http://creativecommons.org/licenses/by-nc-sa/3.0/</subfield>
  </datafield>
  <datafield tag="520" ind1=" " ind2=" ">
    <subfield code="a">Como consecuencia de la dificultad que supone la identificación correcta de posibles enemigos acorazados/mecanizados en el combate, y además, tratándose de los carros de combate actuales en los que se debe tener en cuenta otros factores como la distancia eficaz de fuego (alcance de varios kilómetros) o la localización de objetivos en ambientes de poca visibilidad (nocturno, climatología adversa), es necesario adquirir e implementar un sistema electrónico capaz de ofrecernos la capacidad de diferenciar indudablemente entre los medios amigos o enemigos para evitar daños propios como los que ya, en alguna ocasión, se han producido. Por ello, el objetivo principal de este trabajo será dotar al carro de combate español Leopardo 2E de un sistema IFF (Identification Friend or Foe) que se ajuste a las capacidades del mismo permitiendo así, localizar un objetivo e inmediatamente clasificarlo como amigo o enemigo. Dicho sistema tiene ya sus precedentes en la aviación por lo que se buscará una forma basada en éste para introducirlo en el carro de combate.&lt;br /></subfield>
  </datafield>
  <datafield tag="521" ind1=" " ind2=" ">
    <subfield code="a">Graduado en Ingeniería de Organización Industrial</subfield>
  </datafield>
  <datafield tag="540" ind1=" " ind2=" ">
    <subfield code="a">Derechos regulados por licencia Creative Commons</subfield>
  </datafield>
  <datafield tag="700" ind1=" " ind2=" ">
    <subfield code="a">Gutiérrez Rodrigo, Sergio</subfield>
    <subfield code="e">dir.</subfield>
  </datafield>
  <datafield tag="710" ind1="2" ind2=" ">
    <subfield code="a">Universidad de Zaragoza</subfield>
    <subfield code="b"> </subfield>
    <subfield code="c"></subfield>
  </datafield>
  <datafield tag="856" ind1="0" ind2=" ">
    <subfield code="f">684894@celes.unizar.es</subfield>
  </datafield>
  <datafield tag="856" ind1="4" ind2=" ">
    <subfield code="s">1986578</subfield>
    <subfield code="u">http://zaguan.unizar.es/record/90264/files/TAZ-TFG-2017-4169.pdf</subfield>
    <subfield code="y">Memoria (spa)</subfield>
  </datafield>
  <datafield tag="909" ind1="C" ind2="O">
    <subfield code="o">oai:zaguan.unizar.es:90264</subfield>
    <subfield code="p">driver</subfield>
    <subfield code="p">tfg-tfm-cud</subfield>
    <subfield code="p">trabajos-fin-grado</subfield>
  </datafield>
  <datafield tag="950" ind1=" " ind2=" ">
    <subfield code="a"></subfield>
  </datafield>
  <datafield tag="980" ind1=" " ind2=" ">
    <subfield code="a">TAZ</subfield>
    <subfield code="b">TFG</subfield>
    <subfield code="c">CUD</subfield>
  </datafield>
  <datafield tag="951" ind1=" " ind2=" ">
    <subfield code="a">deposita:2020-07-17</subfield>
  </datafield>
</record>
</collection>